New Zealand Islands - Sudden Death - Statistics

General Stats
  • This quiz has been taken 28 times
  • The average score is 10 of 15
Answers on the Grid
Answers color-coded by a green-red scale on the quiz's grid according to % correct below.
North Island
South Island
Stewart Island
Chatham Island
Great Barrier Island
Kapiti Island
D'Urville Island
Waiheke Island
Rangitoto Island
Motutapu Island
Auckland Islands
Campbell Island
Tiritiri Matangi Island
White Island
Marquesas Islands
Viti Levu
Easter Island
Tasmania
Pitcairn Island
Christmas Island
Norfolk Island
Society Islands
Motuihe Island
Guadalcanal
 
Answer Stats
Answer % Correct
North Island
83%
South Island
83%
Waiheke Island
79%
Stewart Island
75%
Tiritiri Matangi Island
75%
Chatham Island
71%
Motuihe Island
71%
Motutapu Island
71%
Kapiti Island
67%
Rangitoto Island
67%
Campbell Island
63%
White Island
63%
Auckland Islands
58%
Great Barrier Island
46%
D'Urville Island
25%
No matching quizzes found
Score Distribution
Percent of People with Each Score
Percentile by Number Answered
Your Score History
You have not taken this quiz